zpět

Detail výsledku týmu

Pivovar Cvikov, Cvikov

Datum a čas kvízu

41.5 Celkem bodů Celkový počet nahraných bodů na tomto kvízu bez doplňovacích otázek.
2. Pořadí na kvízu Konečné umístění týmu na tomto kvízu.

Zaznamenané odpovědi

# Otázka Odpověď Body Výsledky
1. Prvním jménem na českém vnitro... Kirill 1
2. Firma Mattel minulý týden před... Downův syndrom 1
3. V pondělí byla odtajněna jména... Josef Maršálek, Eva Adamczyková 1
4. V úterý byl uskutečněn první p... z Japonska 1
5. Která stáj ovládla víkendovou... Red Bull 0
6. Pojďme zavzpomínat na filmy a... Zkrocená hora 1
7. Poslední díl seriálu Přátelé b... Kde? 1
8. Tato smutná scéna z Nekonečnéh... Átrej (Atrey, Atreyu) 1
9. Ze kterého seriálu je tato scé... Peaky Blinders (Gangy z Birminghamu) 1
10. Film Želary se do tohoto témat... Květa Legátová (vl. jm. Věra Hofmanová); Joza (Josef) 0.5